Tvorba a ochrana životného prostredia je vecou nás všetkých

Bibliographic Details
Main Author: Lipár, Milan (Author)
Format: Article
Language:Slovak
Subjects:

MARC

LEADER 00000nab a2200000 a 4500
001 vtls000251263
003 SK-MaSNL
005 20260304225414.0
008 250422c1986 xo 0 slo
015 |a SNBRB19rr/mm-uuuuu 
035 |a CL0261377 
035 |a urn:nbn:sk:snk-ab1rft 
035 |a (urnnbn)urn:nbn:sk:snk:ar-0064ut 
035 |a (uuid)052e6189-2c57-4540-bc7c-482b26a96385 
040 |a SNKBUCL  |b slo  |c SNKBUCL  |e AACR2 
041 0 |a slo 
044 |a xo  |c SK 
080 |a 504.06  |2 1981 
100 1 |a Lipár, Milan  |4 aut  |9 957324 
245 1 0 |a Tvorba a ochrana životného prostredia je vecou nás všetkých  |c Milan Lipár 
650 0 7 |a životné prostredie  |2 snkbucl  |9 786 
655 7 |a články z novín a časopisov  |2 snkbucl  |9 267496 
773 0 |t Včelár  |g Roč. 60, č. 7 (1986), s. 145-146 
850 |a Slovenská národná knižnica 
852 |a Slovenská národná knižnica 
954 |a odborná, vedecká literatúra pôvodná (slovenská)  |2 lita 
958 |a article27 
958 |a OND 
958 |a RK 
958 |a EUIPO 
992 |a RBX 
999 |c 3177344  |d 3179274